000 00423nam a2200169Ia 4500
008 190516s9999 xx 000 0 und d
100 _aNewman, Minerva
245 _aCebu city eyes zero rabies cases by 2020/
245 _cMinerva Newman
260 _bManila Bulletin
260 _c2016
300 _aOctober 27
440 _aManila Bulletin
650 _ahealth
650 _arabies
650 _arabies in animals
999 _c361875
_d361875